000 00688nam a2200193Ia 4500
003 OSt
005 20250926154409.0
008 210210b2002 xxu||||| |||| 00| 0 eng d
040 _cAL
041 _aKannada
082 _aK494 SANK
100 _aSANGAMESHA SAVADATTIMATA.
_dಸಂಗಮೇಶ ಸವದತ್ತಿಮಠ
_9240681
245 _aKannada bhasheya svaroopa: kannada bhasheya samagra kaipidi.
_bಕನ್ನಡ ಭಾಷೆಯ ಸ್ವರೂಪ: ಕನ್ನಡ ಭಾಷೆಯ ಸಮಗ್ರ ಕೈಪಿಡಿ.
260 _aKalaburagi
_bRooparashmi Prakashana
_c2002
300 _aiv,148
690 _aKannada Language
_9240682
906 _a059034
942 _2ddc
_cBK
999 _c106054
_d106054